Ľudovít Greššo

Bibliographic Details
Main Authors: Ťapajová, Elena, 1944-2023 (Author, Interviewer), Greššo, Ľudovít, 1916-1982 (Author)
Format: Article
Language:Slovak
PhysicalDescription:Obr.
Subjects:

MARC

LEADER 00000nab a2200000 a 4500
001 vtls009295999
003 SK-MaSNL
005 20260303201837.0
008 080521 1976 xo 000 0 slo
015 |a SNBRB1976 
040 |a SNKBUCL  |b slo  |c SNKBUCL  |e AACR2 
041 0 |a slo 
044 |a xo  |c SK 
080 |a 792.071.2  |2 2001 
080 |a 929 Greššo, Ľudovít  |2 2001 
100 1 |a Ťapajová, Elena,  |d 1944-2023  |4 aut  |4 ivr  |9 5234 
245 1 0 |a Ľudovít Greššo  |c Elena Ťapajová 
300 |b Obr. 
600 1 7 |a Greššo, Ľudovít,  |d 1916-1982  |2 snkbucl  |9 113762 
700 1 |a Greššo, Ľudovít,  |d 1916-1982  |4 aut  |4 ive  |9 113762 
773 0 |t Týdenník Čs. televize  |g Č. 8 (1976), s. 8 
958 |a BX 
999 |c 2176554  |d 2178484